Water pollution by endocrine disrupting Compounds bachelor thesis CD

Gespeichert in:
Bibliographische Detailangaben
1. Verfasser: Althfari, Fawaz M.Sh.Z
Format: Software Buch
Sprache:Slowakisch
Veröffentlicht: Bratislava STU FCHPT 2013
Online-Zugang:Im OPAC anzeigen
Tags: Tag hinzufügen
Keine Tags, Fügen Sie das erste Tag hinzu!

MARC

LEADER 00000nam a2200000 a 4500
005 20260127133923.0
007 co ugu
008 131212 2013 000 0 slo d
035 |a vtls010564961 
039 9 |y 201312121041  |z mschk03 
040 |a STUSCHK1  |b slo  |c STUSCHK1  |e AACR2 
100 1 |a Althfari, Fawaz M.Sh.Z. 
245 1 |a Water pollution by endocrine disrupting Compounds  |b bachelor thesis CD  |c Fawaz M.Sh.Z. Althfari 
260 |a Bratislava  |b STU FCHPT  |c 2013 
300 |a 1 optický disk 
500 |a Obhájené: 17.06.2013 
500 |a Study programme: Engineering of Chemical and Environmental Technologies 
500 |a Study field: Chemical technologies 
500 |a Workplace: Department of Environmental Engineering 
500 |a Reg.No.: FCHPT-13306-45255 
910 |a SCHK95 
999 |c 74  |d 74